Дело об отправке к Московскому театру актрисы Екатерины Семеновой большой

Доступно только в Электронных читальных залах Найти на картеНа карте
RUSMARC
00003597nmc2a22000003x 450
00192a92289-0e18-4f32-b1a2-38191af874b1
00520181005154440.0
100##$a20161220l18181818k l0rusy0189 ca
1010#$arus
102##$aRU
2001#$aДело об отправке к Московскому театру актрисы Екатерины Семеновой большой
$j19 сентября - 11 октября 1818 г.
251##$cДело
300##$aДело
801#0$aRU
$bРГИА
$c20161220
$gRCR
801#1$aRU
$bГлавНИВЦ
$c20161220
$2rusmarc
801#2$aRU
$bПБ им. Б.Н. Ельцина
$c20181005
$gRCR
$2rusmarc
850##$aРГИА
852##$aРГИА
$eФедеральное казенное учреждение "Российский государственный исторический архив" (РГИА)
$j1700
937##$hРГИА
$d12236768
$aASBIBLIO_SCAN
462#0$1001dd3991dc-24e1-42ec-8838-ca4255420416
$12001
$a1746-1850 гг.
$1251
$cОпись
$1852
$j1
461#0$10019264ebf8-de62-4f1a-9eb4-9f22098dbbd5
$12001
$aДирекция императорских театров МИДв
$1251
$cФонд
$1852
$j497
215##$a5 л.
$d36,5х26 см
371##$aДокумент не является опубликованным и широко распространяемым
105##$ay###
1222#$ad
035##$a92a92289-0e18-4f32-b1a2-38191af874b1
856##$uhttp://readingroom.main.prlib.ru/item.aspx?id_node=n118969987&mode=full
Формат отображения